Countries with 10000 foot mountains - Statistics

General Stats
  • This quiz has been taken 629 times
  • The average score is 51 of 61
Answer Stats
Highest Peak Answer % Correct
29,032 ft" China
99%
29,032 ft" Nepal
99%
20,308 ft" United States
99%
19,551 ft" Canada
98%
28,169 ft" India
98%
18,510 ft" Russia
98%
22,838 ft" Argentina
97%
22,615 ft" Chile
97%
15,768 ft" France
97%
18,491 ft" Mexico
97%
28,251 ft" Pakistan
97%
15,768 ft" Italy
96%
22,205 ft" Peru
96%
18,947 ft" Colombia
95%
15,203 ft" Switzerland
94%
24,580 ft" Afghanistan
93%
24,839 ft" Bhutan
93%
21,463 ft" Bolivia
93%
18,402 ft" Iran
93%
12,388 ft" Japan
93%
22,999 ft" Kazakhstan
93%
20,548 ft" Ecuador
92%
17,057 ft" Kenya
92%
19,341 ft" Tanzania
92%
12,461 ft" Austria
91%
24,406 ft" Kyrgyzstan
91%
24,590 ft" Tajikistan
91%
16,854 ft" Turkey
91%
16,024 ft" Indonesia
90%
12,188 ft" Spain
90%
16,762 ft" Democratic Republic of the Congo
88%
10,295 ft" Turkmenistan
88%
15,233 ft" Uzbekistan
88%
17,070 ft" Georgia
87%
11,306 ft" South Africa
87%
14,652 ft" Azerbaijan
86%
11,847 ft" Iraq
86%
16,332 ft" Venezuela
86%
13,419 ft" Armenia
85%
16,762 ft" Uganda
85%
19,295 ft" Myanmar
83%
14,928 ft" Ethiopia
82%
12,218 ft" New Zealand
82%
14,291 ft" Mongolia
81%
13,789 ft" Guatemala
80%
13,671 ft" Morocco
78%
14,787 ft" Rwanda
77%
10,325 ft" Vietnam
77%
13,436 ft" Malaysia
74%
14,793 ft" Papua New Guinea
72%
12,536 ft" Costa Rica
71%
11,401 ft" Panama
71%
11,309 ft" Chad
62%
10,174 ft" Dominican Republic
61%
12,028 ft" Yemen
59%
11,424 ft" Lesotho
58%
10,456 ft" South Sudan
58%
12,966 ft" Taiwan
58%
13,255 ft" Cameroon
54%
12,119 ft" Denmark
50%
10,131 ft" Lebanon
41%
No matching quizzes found
Score Distribution
Percent of People with Each Score
Percentile by Number Answered
Your Score History
You have not taken this quiz